STCW και ναυτικοί = STCW and seafarers.

Αποθηκεύτηκε σε:
Λεπτομέρειες βιβλιογραφικής εγγραφής
Μορφή: Βιβλίο
Γλώσσα:Greek
English
Δημοσίευση: [Χ.τ.] : [χ.ό.], 1991.
Θέματα:
Ετικέτες: Προσθήκη ετικέτας
Δεν υπάρχουν, Καταχωρήστε ετικέτα πρώτοι!

MARC

LEADER 00000cam a2200000 i 4500
001 1/10713
008 000905s1991####xx | | ||| |||| ||gre||
035 |l 10063539 
040 |a GR-MY-UA  |b gre  |e aacr 
041 0 |a gre  |a eng 
082 0 |a 341.74666  
245 1 0 |a STCW και ναυτικοί =   |b STCW and seafarers.  
246 1 |i Παράλληλος τίτλος:   |a STCW and seafarers  
260 |a [Χ.τ.] :   |b [χ.ό.],   |c 1991.  
300 |a 66 σ. ;   |c 24 εκ.  
650 0 0 |a Ships  |x Safety regulations. 
650 0 0 |a Rules of the sea. 
852 |a INST  |b CHIOS  |e 20000905  |h 341.75666 STW  |p 005200018373  |q 005200018373  |t BK  |y 0 
901 |a BIBL2-2000-3 
909 |a Χ  |b 074695 
970 |z 2000/08/LITSA